000 00571nam a2200241Ia 4500
003 OSt
005 20221005121913.0
006 a|||||r|||| 00| 0
007 ta
008 221004b |||||||| |||| 00| 0 eng d
024 _a60186
037 _cTextual
040 _aCRL
_cCRL
_beng
041 _2eng
_aeng
082 _aV2:5:N5, J5
100 _aRawlinson H G
245 0 _aIndia
260 _c1955
490 _aLands and people series; 11
650 _aHISTORY
942 _hV2:5:N5, J5
_cTEXL
_2cc
999 _c1042631
_d1042631